=LDR 00000nam 2200000 4500 =001 INLIS000000000014522 =005 20130612105813 =008 ***********************************Ind** =035 ##$$0010-061300000014522 =041 ##$$a Ind =082 ##$$a 617 =090 ##$$a 617, Int i =245 ##$$a Intisari prinsip-prinsip ilmu bedah, Principle of surgery, Editor ; Seymour I. Schwartz =260 ##$$a 2000 $b Jakarta =300 ##$$a ix, 709 hlm., 21 cm =650 ##$$a Bedah ilmu =700 ##$$a Schwartz, seymour I =850 ##$$a NBPNMAT